LEADER 01096nam a2200265 i 4500 001 000000040024 003 CaOOAMICUS 005 20081024000000.0 008 081024s1972 xx u000 u fre u 013 $a11182 040 $aSeMil$bita 100 1 $aVerlaine, Paul-Marie <1844-1896>.$0(OLS)http://semarc/name/19497 245 10$aOeuvres en prose :$bcomplètes /$cVerlaine ; texte établi, présenté et annoté par Jacques Borel. 260 $a[Paris] :$bGallimard,$ccopyr. 1972. 300 $aXVII, 1541 p. ;$c19 cm. 490 0 $aBibliothèque de la pléiade ;$v239 500 $aContiene : Bibliographie. - Fondo Ciprandi. 700 1 $aBorel, Jacques.$0(OLS)http://semarc/name/19498 830 0$aBibliothèque de la Pléiade ;$v239.$0(OLS)http://semarc/title/42418 850 $aSeMil 852 $aSeMil$W1$xVenegono$y1$m1W V 200$j6179$B6179$CSeMilBibl$Z2$F6179 $81 941 1 $a1 961 $aOmaggio: Ciprandi dott. Paolo 996 $6245$aOeuvres en prose :$bcomplètes$9(OLS)http://semarc/title/57308 996 $6260$a[Paris] :$bGallimard$9(OLS)http://semarc/publisher/30050 LEADER 00971nam a2200217 i 4500 001 000000071635 003 CaOOAMICUS 005 20081212000000.0 008 081212s1962 gw u000 u ger u 013 $a42807 040 $aSeMil$bita 100 1 $aCarové, Friedrich Wilhelm.$0(OLS)http://semarc/name/35566 245 14$aDie Hegelsche Rechte /$cTexte aus den Werken von F. W. Carové ... [et al.] ; ausgewählt und eingeleitet von Hermann Lübbe. 260 $aStuttgart-Bad Cannstatt :$bFrommann-Holzboog,$c1962. 300 $a330 p. ;$c22 cm. 650 4$aDestra hegeliana - Fonti.$0(OLS)http://semarc/subject/14354 700 1 $aLübbe, Hermann <1926- >.$0(OLS)http://semarc/name/21237 850 $aSeMil 852 $aSeMil$W1$xVenegono$y1$m2P IV 338$j37788$B37788$CSeMilBibl$Z2$F37791 $81 996 $6245$aDie Hegelsche Rechte$9(OLS)http://semarc/title/115264 996 $6260$aStuttgart-Bad Cannstatt :$bFrommann-Holzboog$9(OLS)http://semarc/publisher/30371